| 000 -CABECERA |
| Longitud fija campo de control |
00734nam a22001937a 4500 |
| 003 - IDENTIFICADOR DEL NÚMERO DE CONTROL |
| Identificador del número de control |
OSt |
| 005 - FECHA Y HORA DE LA ÚLTIMA TRANSACCIÓN |
| Fecha y hora de la última transacción |
20131126160231.0 |
| 008 - CÓDIGOS DE INFORMACIÓN DE LONGITUD FIJA |
| Códigos de información de longitud fija |
130417s2009 sp ||||| |||| 00| 0 cat d |
| 040 ## - FUENTE DE LA CATALOGACIÓN |
| Centro transcriptor |
CDMR |
| 245 03 - MENCIÓN DE TÍTULO |
| Título |
La participació dels usuaris als diaris digitals de Catalunya |
| Resto del título |
: anàlisi dels comentaris dels lectors : informe als Consell de la Informació de Catalunya |
| Mención de responsabilidad, etc. |
Javier díaz Noci ... [et al.] |
| 260 ## - PUBLICACIÓN, DISTRIBUCIÓN, ETC. (PIE DE IMPRENTA) |
| Lugar de publicación, distribución, etc. |
[Barcelona] |
| Nombre del editor, distribuidor, etc. |
Fundació Consell de la Informació de Catalunya |
| Fecha de publicación, distribución, etc. |
[2009?] |
| 300 ## - DESCRIPCIÓN FÍSICA |
| Extensión |
101 p. |
| 650 04 - PUNTO DE ACCESO ADICIONAL DE MATERIA - TÉRMINO DE MATERIA |
| 9 (RLIN) |
3188 |
| Término de materia o nombre geográfico como elemento inicial |
Premsa digital |
| Subdivisión geográfica |
Catalunya |
| 650 04 - PUNTO DE ACCESO ADICIONAL DE MATERIA - TÉRMINO DE MATERIA |
| 9 (RLIN) |
2537 |
| Término de materia o nombre geográfico como elemento inicial |
Opinió pública |
| 650 04 - PUNTO DE ACCESO ADICIONAL DE MATERIA - TÉRMINO DE MATERIA |
| 9 (RLIN) |
980 |
| Término de materia o nombre geográfico como elemento inicial |
Comunicació |
| Subdivisión de materia general |
Aspectes ètics i morals |
| 650 04 - PUNTO DE ACCESO ADICIONAL DE MATERIA - TÉRMINO DE MATERIA |
| 9 (RLIN) |
4298 |
| Término de materia o nombre geográfico como elemento inicial |
Internautes |
| 700 1# - PUNTO DE ACCESO ADICIONAL - NOMBRE DE PERSONA |
| 9 (RLIN) |
3204 |
| Nombre de persona |
Díaz Noci, Javier |
| 942 ## - ENTRADA DE ELEMENTOS AGREGADOS (KOHA) |
| Fuente de clasificaión o esquema |
|
| Koha [por defecto] tipo de item |
Monografies |